000 00441nam a2200193Ia 4500
005 20240823030836.0
008 240823s9999||||xx |||||||||||||| ||und||
020 _a978-953-307-036-0
041 _aENGLISH
082 _A629.892
100 _aVladan Papic Ed.
245 0 _aRobot Soccer
250 _a1st
260 _bIntech Publica
500 _aTRANSFERED
650 _aRobot Soccer
_bMechanical
942 _cBK
999 _c189657
_d189657